| 000 -LEADER |
| fixed length control field |
00397nam a2200169Ia 4500 |
| 003 - CONTROL NUMBER IDENTIFIER |
| control field |
OSt |
| 005 - DATE AND TIME OF LATEST TRANSACTION |
| control field |
20220316133919.0 |
| 008 - FIXED-LENGTH DATA ELEMENTS--GENERAL INFORMATION |
| fixed length control field |
220308s9999 xx 000 0 und d |
| 020 ## - INTERNATIONAL STANDARD BOOK NUMBER |
| International Standard Book Number |
9783966800075 |
| 082 ## - DEWEY DECIMAL CLASSIFICATION NUMBER |
| Classification number |
720.922 |
| Item number |
RAH |
| 100 ## - MAIN ENTRY--PERSONAL NAME |
| Personal name |
Rahul Mehrotra |
| 245 #0 - TITLE STATEMENT |
| Title |
Working in Mumbai |
| 260 ## - PUBLICATION, DISTRIBUTION, ETC. (IMPRINT) |
| Name of publisher, distributor, etc |
ArchiTangle GmbH (14 August 2020) |
| 365 ## - TRADE PRICE |
| Price type code |
EUR |
| 365 ## - TRADE PRICE |
| Unit of pricing |
58 |
| 942 ## - ADDED ENTRY ELEMENTS (KOHA) |
| Source of classification or shelving scheme |
|